Learning Resource and Development

Software architecture with C# 9 and .NET 5 : (Record no. 28341)

MARC details
000 -LEADER
fixed length control field 02185nam a2200349 i 4500
003 - CONTROL NUMBER IDENTIFIER
control field CSPC
005 - DATE AND TIME OF LATEST TRANSACTION
control field 20241010151750.0
008 - FIXED-LENGTH DATA ELEMENTS--GENERAL INFORMATION
fixed length control field 241008s2020 -uka 001 0 eng d
020 ## - INTERNATIONAL STANDARD BOOK NUMBER
International Standard Book Number 9781800566040
040 ## - CATALOGING SOURCE
Transcribing agency CSPC
Original cataloging agency CSPC
Language of cataloging eng
Description conventions rda
082 #4 - DEWEY DECIMAL CLASSIFICATION NUMBER
Classification number 005.1
Item number B229s
Edition number 23
100 1# - MAIN ENTRY--PERSONAL NAME
Personal name Baptista, Gabriel,
Relator term author.
245 10 - TITLE STATEMENT
Title Software architecture with C# 9 and .NET 5 :
Remainder of title architecting software solutions using microservices, DevOps, and design patterns for azure /
Statement of responsibility, etc. Gabriel Baptista and Francesco Abbruzzese.
250 ## - EDITION STATEMENT
Edition statement Second edition.
264 31 - PRODUCTION, PUBLICATION, DISTRIBUTION, MANUFACTURE, AND COPYRIGHT NOTICE
Place of production, publication, distribution, manufacture Birmingham, UK :
Name of producer, publisher, distributor, manufacturer Packt Publishing Ltd.,
Date of production, publication, distribution, manufacture, or copyright notice 2020.
300 ## - PHYSICAL DESCRIPTION
Extent xviii, 675 pages :
Other physical details illustrations ;
Dimensions 24 cm.
336 ## - CONTENT TYPE
Content type term text
Source rdacontent
337 ## - MEDIA TYPE
Media type term unmediated
Source rdamedia
338 ## - CARRIER TYPE
Carrier type term volume
Source rdacarrier
500 ## - GENERAL NOTE
General note Includes index.
505 0# - FORMATTED CONTENTS NOTE
Formatted contents note Understanding the importance of software architecture -- Non-functional requirements -- Documenting requirements with Azure DevOps -- Deciding the best cloud-based solution -- Applying a microservice architecture to your enterprise application -- Azure service fabric -- Interacting with data in C#- entity framework core -- How to choose your data storage in the cloud -- Working with azure functions -- Design patterns and .NET5 implementation -- Understanding the different domains in software solutions -- Implementing code reusability in C# 9 -- Applying service-oriented architectures with .NET core -- Presenting ASP.NET core MVC -- Blazor webassbembly -- Best practices in coding C#9 -- Testing your code with unit test cases and TDD -- Understanding DevOps principles -- Challenges of applying CI scenarios -- Automation for functional tests.
650 #0 - SUBJECT ADDED ENTRY--TOPICAL TERM
Topical term or geographic name entry element Software architecture.
650 #0 - SUBJECT ADDED ENTRY--TOPICAL TERM
Topical term or geographic name entry element C# (Computer program language).
650 #0 - SUBJECT ADDED ENTRY--TOPICAL TERM
Topical term or geographic name entry element .NET core (Computer software framework).
650 #0 - SUBJECT ADDED ENTRY--TOPICAL TERM
Topical term or geographic name entry element Cloud computing.
650 #0 - SUBJECT ADDED ENTRY--TOPICAL TERM
Topical term or geographic name entry element Microsoft azure (Computing platform)
650 #0 - SUBJECT ADDED ENTRY--TOPICAL TERM
Topical term or geographic name entry element Microservices (Software architecture).
650 #0 - SUBJECT ADDED ENTRY--TOPICAL TERM
Topical term or geographic name entry element DevOps.
700 1# - ADDED ENTRY--PERSONAL NAME
Personal name Abbruzzese, Francesco,
Relator term author.
942 ## - ADDED ENTRY ELEMENTS (KOHA)
Source of classification or shelving scheme Dewey Decimal Classification
Suppress in OPAC No
Koha item type Books
Edition 23
Classification part 005.1
Call number prefix GRD
Call number suffix 2020
Holdings
Withdrawn status Lost status Source of classification or shelving scheme Damaged status Not for loan Home library Current library Shelving location Date acquired Total Checkouts Full call number Barcode Date last seen Copy number Price effective from Koha item type
    Dewey Decimal Classification     Main Library Main Library Graduate School Library 10/08/2024   GRD 005.1 B229s 2020 028377 10/08/2024 1-1 10/08/2024 Books